000 04309cas a2201177 a 4500
999 _c3779
001 8260527
003 LIBRIS
005 20210906134934.0
008 020113c19849999dk zr p|||||||0 b0swe|
022 0 _a0281-9341
040 _aS
_ea
041 _aswe
044 _adk
_asw
_afi
_ano
050 4 _aQ 1
050 4 _aQ 1
080 _a001
082 0 4 _a058.81
082 0 4 _a505
084 _aP(p)
_2kssb/8
084 _aU(p)
_2kssb/8
084 _aV(p)
_2kssb/8
084 _aP(p)
_2kssb/6
084 _aU(p)
_2kssb/6
084 _aV(p)
_2kssb/6
084 _aP(p)
_2kssb/6
084 _aU(p)
_2kssb/6
084 _aV(p)
_2kssb/6
084 _aU(p)
_2kssb/5
084 _aV(p)
_2kssb/5
084 _aP(p)
_2kssb/5
084 _aU(p)
_2kssb/6
084 _aP(p)
_2kssb/6
084 _aV(p)
_2kssb/6
084 _aP(p)
_2kssb/6
084 _aU(p)
_2kssb/6
084 _aV(p)
_2kssb/6
084 _aBd
_2kssb/5
084 _aP(p)
_2kssb/5
084 _aU(p)
_2kssb/5
084 _aV(p)
_2kssb/5
084 _aP(p)
_2kssb/5
084 _aU(p)
_2kssb/5
222 0 _aIllustrerad vetenskap
245 1 0 _aIllustrerad vetenskap
246 1 _aNya illustrerad vetenskap
264 1 _3Sammanfattad utgivningstid
_aMalmö :
_bFogtdals förlag,
_c1984-
264 1 _aMalmö :
_bFogtdals förlag,
_c1984-1992
264 2 1 _aKöpenhamn :
_bBonniers specialmagasiner ;
_aMalmö :
_bBonniers prenumerationsservice [distributör],
_c1992-1995
264 2 1 _aOslo :
_bBonnier Publications/Semic ;
_aStockholm :
_bBonniers prenumerationsservice [distributör],
_c1996-1997
264 2 1 _aOslo :
_bBonnier Publication ;
_aStockholm :
_bBonniers prenumerationsservice [distributör],
_c1998
264 2 1 _aOslo :
_bBonnier Publication ;
_aMalmö :
_bBonniers kundtjänst [distributör],
_c1999-2000
264 2 1 _aMariehamn :
_bBonnier Alandia,
_c2000-2004
264 3 1 _aOslo :
_bBonnier Publications International,
_c2004-
264 3 _aDanmark
300 _c28 cm
310 _a18 nr/år
362 0 _a1984: nr 1-
500 _aBilagor av varierande slag under hela utgivningstiden, t.ex. Kurs mot stjärnorna, Alla tiders största upptäcktsresor, Öka på din IQ
500 _aBilaga 2003:14: 100 år på vingar
500 _aBilaga 2005:3: Uppdrag mars
500 _5T
_aPlacering: Externt magasin TekNat.
515 _a1993 även med årgångsbeteckning
588 _aNB: Danskt ISSN, ingen ISDS
588 _aNB: ISSN Norge har tilldelat ISSN 1894-5317 till Världens historia extra (Svensk utg.), startår 2014 och ISSN 1894-3721 till En specialutgåva från Illustrerad vetenskap historia (Svensk utg.), startår 2013
588 _aNLT: 1984-1999 bibliograferad för NLT. - Vid bibliografins slut 1999 utkom tidskriften med 16 nr/år
650 7 _aNaturvetenskap
_0https://id.kb.se/term/sao/Naturvetenskap
_2sao
650 7 _aTeknik
_0https://id.kb.se/term/sao/Teknik
_2sao
650 7 _aTekniska innovationer
_0https://id.kb.se/term/sao/Tekniska%20innovationer
_2sao
650 7 _aMedicin
_0https://id.kb.se/term/sao/Medicin
_2sao
650 0 _aTechnology
650 0 _aTechnological innovations
650 0 _aMedicine
650 0 _aScience
650 4 _aNaturvetenskap (Tidskrifter)
650 4 _aPure sciences (Periodicals)
653 _aNaturvetenskap
653 _aPopulärvetenskap
653 _aPeriodika
653 _aNatural sciences
653 _aPeriodika
653 _aAllmänt
653 _aForskning
653 _aVetenskap
653 _aMedicin
653 _ateknik
653 _aNaturvetenskap
655 7 _aPopulärvetenskapliga tidskrifter
_0https://id.kb.se/term/saogf/Popul%C3%A4rvetenskapliga%20tidskrifter
_2saogf
740 0 _aÖka på din IQ
740 0 _aUppdrag mars
780 0 5 _tNatur & vetenskap
_x1403-3062
_w4345045
856 4 2 _uhttp://illvet.se/
_zTidskriftens webbplats
942 _2z
_cTDSK